Sex role classification and achievement avoidance in female college athletes /

Bibliographic Details
Main Author: Daniels, Carolyn Ann
Format: Thesis Microform Book
Language:English
Published: [Place of publication not identified] : [publisher not identified] ; 1977.
Subjects:

MARC

Tag First Indicator Second Indicator Subfields
LEADER 00000cam a2200000 a 4500
001 in00000086661
005 20151008062710.0
007 he bmb024bac|
008 811016r1977 oru bb 00010 eng d
035 |a (OCoLC)07854506 
035 |9 AAK0760AM 
040 |a Univ. of Oregon  |c XBM  |d XBM  |d UtOrBLW 
049 |a TXAI 
082 0 |a 152.4 
090 |a BF575 A6 
099 |a fiche  |a C  |a 4214 
100 1 |a Daniels, Carolyn Ann. 
245 1 0 |a Sex role classification and achievement avoidance in female college athletes /  |c by Carolyn Ann Daniels. 
264 1 |a [Place of publication not identified] :  |b [publisher not identified] ;  |c 1977. 
300 |a viii, 85 leaves. 
336 |a text  |b txt  |2 rdacontent 
337 |a microform  |b h  |2 rdamedia 
338 |a microfiche  |b he  |2 rdacarrier 
502 |b M.S.  |c Pennsylvania State University  |d 1977. 
504 |a Bibliography: leaves 64-68. 
533 |a Microfiche.  |b Eugene, Or. :  |c Microform Publications, College of Health, Physical Education and Recreation, University of Oregon,  |d 1981.  |e 2 microfiches : negative ; 11 x 15 cm. 
500 |a Microform. 
650 0 |a Sex role. 
650 0 |a Women athletes  |x Psychology. 
999 |a MARS 
999 f f |s f74b033f-ebe4-311c-897c-ffe03335fd0c  |i 06605418-b4ce-32b2-8302-330a15e20f04  |t 0 
952 f f |p normal  |a Texas A&M University  |b College Station  |c Sterling C. Evans Library  |d Evans: Microforms (3rd floor)  |t 0  |e fiche C 4214  |h Other scheme  |i microform -- microfiche  |m A14821767185 
998 f f |a fiche C 4214  |t 0  |l Evans: Microforms (3rd floor)